000 00284nam a2200121 i 4500
001 bg
245 0 _aMechanika. Prace Naukowe Politechniki Lubelskiej. 198.
260 _aLublin,
_c1990.
040 _cBPK
041 _apol
942 _cKS
008 s pl f |000 0 pol
999 _c29521
_d29521
856 _uhttp://koha.tu.koszalin.pl/cgi-bin/koha/opac-detail.pl?biblionumber=29521
_yKatalog online BPK